[Event "MK Cafe Cup-B"]
[Site "Koszalin"]
[Date "1999.08.08"]
[Round "6"]
[White "Tobak, A."]
[Black "Mashinskaya, Iulia"]
[Result "1/2-1/2"]
[WhiteElo "2421"]
[BlackElo "2289"]

1.d4 d5 2.c4 c6 3.Nf3 Nf6 4.Qb3 dxc4 5.Qxc4 Bf5 6.Nc3 e6 7.g3 Nbd7 8.Bg2 Be7
9.O-O O-O 10.Re1 Ne4 11.Bf4 Nxc3 12.bxc3 Be4 13.Bh3 c5 14.Qb3 cxd4 15.cxd4 Qb6
16.Qe3 Bg6 17.Bg2 Rac8 18.Nh4 Bc2 19.Rec1 Bb4 20.Be4 Rc3 21.Rxc2 Rxe3 22.Bxe3 Nf6
23.Bg2 Ng4 24.Rb1 Nxe3 25.fxe3 Qa5 26.Bxb7 Bd6 27.Bf3 g5 28.Ng2 Qa4 29.Rb3 Kg7
30.Bc6 Qa6 31.a4 Rb8 32.Bb5 Qb7 33.Rbc3 a6 34.Bc6 Qb1+ 35.Rc1 Qa2 36.d5 Ba3
37.Rf1 Rb1 38.Rxb1 Qxb1+ 39.Kf2 Qf5+ 40.Kg1 Qb1+ 41.Kf2 Qa1 42.Rd3 exd5 43.Bxd5 Bb4
44.Bb3 Qf6+ 45.Kg1 Qa1+ 46.Kf2  1/2-1/2

[Event "Budapest FS08 GM"]
[Site "Budapest"]
[Date "1999.08.09"]
[Round "3"]
[White "Vadasz, Laszlo"]
[Black "Varga, Zoltan"]
[Result "0-1"]
[WhiteElo "2275"]
[BlackElo "2541"]

1.Nf3 d5 2.d4 c6 3.c4 dxc4 4.e3 Be6 5.a4 Nf6 6.Na3 c5 7.Bxc4 Bxc4 8.Nxc4 Nc6
9.O-O cxd4 10.Nxd4 Nxd4 11.exd4 Qd5 12.Ne5 e6 13.a5 a6 14.Bg5 Be7 15.Bxf6 gxf6
16.Qa4+ Qb5 17.Qxb5+ axb5 18.Nf3 Kd7 19.d5 e5 20.Nd2 Rhc8 21.f4 exf4 22.Ne4 Rc4
23.Nc3 Bc5+ 24.Kh1 b4 25.Na4 Rxa5 26.g3 Be3 27.Rf3 b3 28.gxf4 Bd4  0-1

[Event "VISA Nordic GP fin"]
[Site "Gentofte"]
[Date "1999.08.12"]
[Round "6"]
[White "Schandorff, Lars"]
[Black "Gunnarsson, Jon Viktor"]
[Result "1/2-1/2"]
[WhiteElo "2514"]
[BlackElo "2411"]

1.Nf3 d5 2.d4 Nf6 3.c4 c6 4.Qb3 e6 5.g3 Nbd7 6.Bg2 Be7 7.O-O O-O 8.Bf4 b6
9.Nc3 Bb7 10.cxd5 exd5 11.Rad1 Re8 12.Rfe1 h6 13.Qc2 b5 14.Ne5 Nb6 15.Rc1 Nfd7
16.Nd3 Bf6 17.e3 a5 18.g4 Rc8 19.h3 Ba6 20.Ne2 b4 21.b3 Bg5 22.Bh2 Bb5 23.Qd2 Qe7
24.Ng3 g6 25.f4 Bh4 26.Ne5 Nxe5 27.dxe5 c5 28.Red1 Kh7 29.Ne2 f6 30.Kh1 fxe5
31.fxe5 Bxe2 32.Qxe2 Bg5 33.Bxd5 Nxd5 34.Rxd5 Qb7 35.Rd1 Rcd8 36.e4 Qf7 37.Kg2 a4
38.Bg3 Be7 39.Rf1 Qe6 40.Qc4 Rc8 41.Rc1 axb3 42.axb3 Rc6 43.Ra1 Rec8 44.Ra7 R8c7
45.Rxc7 Rxc7 46.Qb5 Kg7 47.Bf2 Qc6 48.Qc4 Qe6 49.Qb5 Qc6 50.Qc4 Qe6 51.Qb5  1/2-1/2

[Event "MK Cafe Cup-B"]
[Site "Koszalin"]
[Date "1999.08.12"]
[Round "9"]
[White "Buturin, Vladimir"]
[Black "Gradalski, Przemyslaw"]
[Result "1-0"]
[WhiteElo "2388"]
[BlackElo "2309"]

1.Nf3 d5 2.d4 Nf6 3.c4 c6 4.Qc2 dxc4 5.Qxc4 Bf5 6.Nc3 e6 7.g3 Nbd7 8.Bg2 Be7
9.O-O O-O 10.e3 h6 11.Qe2 Ne4 12.Rd1 Qa5 13.Bd2 Nxd2 14.Nxd2 Rad8 15.a3 Bh7
16.b4 Qc7 17.Rdc1 Qb8 18.Nc4 Bf6 19.Na5 e5 20.d5 c5 21.Qb5 cxb4 22.Qxb4 Nb6
23.e4 Bg5 24.Rd1 Rd7 25.Na4 Nxa4 26.Qxa4 Rc7 27.Rab1 b6 28.Nc6 Qe8 29.Rb4 f5
30.exf5 Bxf5 31.d6 Rd7 32.Nxa7 Qh5 33.Nb5 Qe2 34.Qb3+ Kh8 35.Nc3 Qc2 36.Qxc2 Bxc2
37.Rd5 Rdf7 38.Nd1 Bxd1 39.Rxd1 Rxf2 40.Re4 Ra2 41.d7 Bf6 42.Rc4 Rxa3 43.Rc8 Rd8
44.Rf1  1-0

[Event "NED U20 op"]
[Site "Hengelo"]
[Date "1999.08.13"]
[Round "8"]
[White "Iljushin, Alexei"]
[Black "Mah, Karl"]
[Result "1-0"]
[WhiteElo "2527"]
[BlackElo "2316"]

1.d4 d5 2.c4 c6 3.Nf3 Nf6 4.Qc2 dxc4 5.Qxc4 Bf5 6.g3 e6 7.Bg2 Nbd7 8.O-O Be7
9.Nc3 O-O 10.e3 Ne4 11.Ne1 Nd6 12.Qe2 e5 13.dxe5 Nxe5 14.f4 Nd7 15.e4 Be6
16.b3 f6 17.Bb2 Re8 18.Rd1 Bf8 19.Kh1 Qb6 20.Nd3 Nc5 21.Nf2 Bf7 22.e5 fxe5
23.fxe5 Bg6 24.Ng4 Nf7 25.Ne4 Re6 26.Nxc5 Bxc5 27.Be4 Qa6 28.Qc2 Bxe4+ 29.Qxe4 Ng5
30.Qf5 Qe2 31.Rde1 Qxb2 32.Qxg5 Rg6 33.Qf5 Qd4 34.Qf7+ Kh8 35.Ne3 Qxe5 36.Ng2 Qb8
37.Nh4 Rg5 38.Ng2 b6 39.Nf4 Qf8 40.Ne6 Qxf7 41.Rxf7 Re8 42.Ref1  1-0

[Event "Baunatal op 5th"]
[Site "Baunatal"]
[Date "1999.08.14"]
[Round "4"]
[White "Ivanov, Mikhail M"]
[Black "Mikoleizig, Egenhard"]
[Result "1-0"]
[WhiteElo "2510"]
[BlackElo "2220"]

1.d4 d5 2.c4 c6 3.Nf3 Nf6 4.Qc2 e6 5.g3 Bd6 6.Nbd2 Nbd7 7.Bg2 O-O 8.O-O Re8
9.Rd1 Qc7 10.e4 dxe4 11.Nxe4 Nxe4 12.Qxe4 c5 13.b3 cxd4 14.Nxd4 Bc5 15.Bb2 Qb6
16.Qc2 Nf6 17.Nb5 e5 18.Nc3 Bg4 19.Rd2 Qc7 20.Ne4 Be7 21.Nxf6+ Bxf6 22.Qe4 Bc8
23.Rad1 Rb8 24.Ba3 Be7 25.Bxe7 Qxe7 26.Qe3 b6 27.Bc6 Rf8 28.Qe4 f6 29.Rd6 Qc7
30.Rd7 Bxd7 31.Rxd7 Qc8  1-0

[Event "FRA-ch qual"]
[Site "Bescanon"]
[Date "1999.08.20"]
[Round "3"]
[White "Giffard, Nicolas"]
[Black "Carton, Camille"]
[Result "1-0"]
[WhiteElo "2360"]
[BlackElo "2243"]

1.Nf3 d5 2.d4 c6 3.c4 Nf6 4.Qb3 e6 5.Bg5 Nbd7 6.Nc3 Be7 7.e3 O-O 8.Rd1 h6
9.Bh4 Ne4 10.Bg3 Ndf6 11.Bd3 Qa5 12.O-O dxc4 13.Qxc4 Nxg3 14.hxg3 b5 15.Qb3 a6
16.Ne4 Nd7 17.Bb1 Qb6 18.Qc2 g6 19.Rc1 Bb7 20.Nh4 Qd8 21.Nxg6 fxg6 22.Nc5 Bf6
23.Nxb7 Qc7 24.Qxc6  1-0

[Event "ESP-ch"]
[Site "Palencia"]
[Date "1999.08.21"]
[Round "3"]
[White "Pol Valveny, Ramon"]
[Black "Rubio Mancebon, Pedro J"]
[Result "1-0"]
[WhiteElo "2075"]
[BlackElo "2005"]

1.d4 d5 2.c4 c6 3.Nf3 Nf6 4.g3 dxc4 5.Bg2 Bf5 6.O-O e6 7.Ne5 Be7 8.Nc3 O-O
9.Nxc4 Na6 10.Bf4 Nd5 11.Bd2 Nb6 12.Na5 Rb8 13.Bf4 Bd6 14.Bxd6 Qxd6 15.e4 Bg6
16.Nb3 e5 17.dxe5 Qe7 18.f4 f5 19.exf5 Bxf5 20.Ne4 Bxe4 21.Bxe4 Nb4 22.Qe2 Kh8
23.Qh5 g5  1-0

[Event "BIH-chT"]
[Site "Bihac"]
[Date "1999.08.23"]
[Round "3"]
[White "Boric, Muhamed"]
[Black "Muratovic, En"]
[Result "1/2-1/2"]
[WhiteElo "2407"]
[BlackElo "2240"]

1.d4 d5 2.Nf3 Nf6 3.c4 c6 4.Qc2 e6 5.Nbd2 Nbd7 6.g3 Bd6 7.Bg2 O-O 8.O-O Re8
9.Rd1 Qc7 10.Nb3 dxc4 11.Qxc4 e5 12.Bg5 e4 13.Nfd2 h6 14.Bxf6 Nxf6 15.e3 Bf5
16.Rac1 Qe7 17.Nc5 Rad8 18.Qb3 b6 19.Na4 Bg4 20.Re1 c5 21.d5  1/2-1/2

[Event "GER-ch U20 int"]
[Site "Hamburg"]
[Date "1999.08.23"]
[Round "8"]
[White "Molander, Riku"]
[Black "Hajnal, Zoltan"]
[Result "1/2-1/2"]
[WhiteElo "2234"]
[BlackElo "2302"]

1.Nf3 d5 2.d4 Nf6 3.c4 c6 4.Qc2 e6 5.g3 Be7 6.Bg2 Nbd7 7.Nbd2 O-O 8.O-O b6
9.e4 Ba6 10.Rd1 Nxe4 11.Nxe4 dxe4 12.Ne5 Nxe5 13.dxe5 Qc7 14.Qxe4 Bb7 15.Be3 Rab8
16.Rd2 c5 17.Qf4 Bxg2 18.Kxg2 Rfd8  1/2-1/2

[Event "BIH-chT"]
[Site "Bihac"]
[Date "1999.08.27"]
[Round "7"]
[White "Hulak, Krunoslav"]
[Black "Glavas, Dragan"]
[Result "1-0"]
[WhiteElo "2493"]
[BlackElo "2261"]

1.d4 d5 2.Nf3 c6 3.c4 dxc4 4.e3 Be6 5.Nc3 b5 6.Ng5 Bf5 7.Nxf7 Kxf7 8.Qf3 Ke6
9.Nxb5 Qa5+ 10.Nc3 Nh6 11.e4 Bg6 12.Qh3+ Kf7 13.Bxc4+ Ke8 14.Qc8+ Qd8 15.Qb7 Nd7
16.Qxc6 Rc8 17.Qa4 Qc7 18.Ba6 Rb8 19.Nd5 Qd8 20.Bf4 e6 21.Bxb8 Qxb8 22.Rc1 exd5
23.Rc8+ Ke7 24.Rxb8 Nxb8 25.Qb4+  1-0

[Event "SoLett op"]
[Site "Skelleftea"]
[Date "1999.09.02"]
[Round "5"]
[White "Lindgren, Fredrik"]
[Black "Hermansson, Emil"]
[Result "1/2-1/2"]
[WhiteElo "2170"]
[BlackElo "2314"]

1.d4 d5 2.Nf3 Nf6 3.c4 c6 4.g3 Bg4 5.Qb3 Qb6 6.Bg2 e6 7.c5 Qc7 8.Bf4 Qc8
9.Ne5 Nbd7 10.h3 Bf5 11.g4 Bg6 12.Nxg6 hxg6 13.Nd2 Be7 14.Bg3 O-O 15.O-O Bd8
16.Bd6 Re8 17.g5 Nh5 18.f4 b6  1/2-1/2

[Event "EU-ch U16"]
[Site "Litohoto"]
[Date "1999.09.05"]
[Round "3"]
[White "Zivanic, Marko"]
[Black "Stojanovic, Dalibor"]
[Result "1/2-1/2"]
[WhiteElo "2300"]
[BlackElo "2241"]

1.d4 d5 2.c4 c6 3.Nf3 dxc4 4.e3 Be6 5.Nbd2 Qa5 6.Qc2 Nf6 7.Bxc4 Bxc4 8.Qxc4 Qa6
9.Qc2 e6 10.Nc4 Nbd7 11.O-O c5 12.dxc5 Bxc5 13.b3 Rc8 14.Qe2 O-O 15.Bb2 Be7  1/2-1/2

[Event "St Petersburg Cup"]
[Site "St Petersburg"]
[Date "1999.09.05"]
[Round "4"]
[White "Popov, Valerij"]
[Black "Sakaev, Konstantin"]
[Result "1/2-1/2"]
[WhiteElo "2523"]
[BlackElo "2648"]

1.Nf3 d5 2.d4 Nf6 3.c4 c6 4.Qc2 dxc4 5.Qxc4 Bf5 6.g3 e6 7.Bg2 Nbd7 8.O-O Be7
9.Nc3 O-O 10.e3 Ne4 11.Nd2 Nd6 12.Qe2 Bg6 13.e4 c5 14.d5 exd5 15.e5 Nf5 16.f4 Nb6
17.g4 Nd4 18.Qf2 Bh4 19.Qe3 Nc2 20.Qxc5 Rc8 21.Qa5 Nxa1 22.f5 Nc2 23.Nf3 Be7
24.fxg6 hxg6 25.Qb5 d4 26.Rd1 Qc7 27.Ne4 Qc4 28.Bf1 Qxb5 29.Bxb5 Rfd8  1/2-1/2

[Event "CRO-chT"]
[Site "Pula"]
[Date "1999.09.15"]
[Round "6"]
[White "Loncar, Robert"]
[Black "Mrkonjic, Nenad"]
[Result "1-0"]
[WhiteElo "2429"]
[BlackElo "2331"]

1.d4 d5 2.c4 c6 3.Nf3 Nf6 4.Qb3 g6 5.Nc3 dxc4 6.Qxc4 Bg7 7.Bg5 O-O 8.e3 Qb6
9.b3 Bf5 10.Rc1 Nbd7 11.Be2 Rfe8 12.O-O Bg4 13.h3 Bxf3 14.Bxf3 e6 15.e4 e5
16.d5 Rac8 17.Be3 Qd8 18.dxc6 Rxc6 19.Qb5 Qb8 20.Nd5 a6 21.Qa4 Nxd5 22.exd5 Rxc1
23.Rxc1 Rd8 24.d6 Nf6 25.Bb6 Rd7 26.Bg4 Rxd6 27.Rc8+ Qxc8 28.Bxc8 Rxb6 29.Qa5 Rd6
30.Bxb7 Rd1+ 31.Kh2 Bf8 32.Bxa6 e4 33.Bc4 e3 34.Qa7 Rd7 35.Qxe3 Ba3 36.g3 Kg7
37.Kg2 h5 38.Qc3 Rb7 39.g4 hxg4 40.hxg4 Bb4 41.Qb2 g5 42.f4 Rd7 43.Qe5 Rd2+
44.Kf3  1-0

[Event "CRO-chT"]
[Site "Pula"]
[Date "1999.09.15"]
[Round "6"]
[White "Devcic, Darko"]
[Black "Rogic, Davor"]
[Result "0-1"]
[WhiteElo "2235"]
[BlackElo "2505"]

1.d4 d5 2.Nf3 Nf6 3.c4 c6 4.Qc2 e6 5.g3 Be7 6.Bg2 O-O 7.O-O Nbd7 8.Rd1 b6
9.b3 Ba6 10.Nc3 Rc8 11.e4 dxc4 12.bxc4 Bxc4 13.e5 Ne8 14.Ne4 Bd5 15.Neg5 g6
16.h4 c5 17.h5 cxd4 18.Qb1 Ng7 19.hxg6 fxg6 20.Rxd4 Qc7 21.Rh4 Bxf3 22.Rxh7 Qxc1+
23.Qxc1 Rxc1+ 24.Rxc1 Bxg5 25.Rxg7+ Kxg7 26.Rc7 Bxg2  0-1

[Event "Wch U20"]
[Site "Yerevan"]
[Date "1999.09.20"]
[Round "3"]
[White "Sargissian, Gabriel"]
[Black "De Vreugt, Dennis"]
[Result "1/2-1/2"]
[WhiteElo "2470"]
[BlackElo "2398"]

1.d4 d5 2.c4 c6 3.Nf3 Nf6 4.Qc2 g6 5.Bf4 Bg7 6.e3 O-O 7.Nc3 Qa5 8.Qd2 Be6
9.cxd5 Nxd5 10.Nxd5 Qxd2+ 11.Nxd2 Bxd5 12.Nb1 c5 13.Nc3 Bc6 14.O-O-O Rd8
15.d5 Be8 16.Be2 Nd7 17.d6 exd6 18.Bxd6 Bf8 19.Bc7 Rdc8 20.Nd5 a6 21.e4 b5
22.Bg4 h5 23.Bxd7 Bxd7 24.Nf6+ Kg7 25.Nxh5+ gxh5 26.Rxd7 Re8 27.f3 Kg6 28.Rhd1 Rac8
29.Kc2 Re6 30.R1d5 c4 31.Bf4 f6 32.Be3 Be7 33.Bd4 b4 34.Rf5 Rcc6 35.Rdd5 h4
36.Bf2 Bd6 37.Bc5 b3+ 38.axb3 cxb3+ 39.Kxb3 Bxh2 40.Bf2 Be5 41.Bd4 Rc1 42.Bxe5 Rxe5
43.Rf4 Rg5 44.Rdf5 Rc6 45.Rxh4 Rxg2 46.Ka3 Re2 47.Rg4+ Kf7 48.Rgf4 Kg6 49.Rd5 Rb6
50.b4 Re3+ 51.Ka4 Rc6 52.Rd7 Rcc3 53.Rg4+ Kh6 54.Ka5 Rc6 55.b5 axb5 56.Rd8 Kh7
57.Rd5 Kh6 58.Kxb5 Rcc3 59.Rh4+ Kg7 60.Rd7+ Kg6 61.Rg4+ Kh6 62.f4 Rxe4 63.Rd8 Kh7
64.Rd1 Rh3 65.Kc5 Rh5+ 66.Kc6 f5 67.Rd7+ Kh6 68.Rd6+ Kh7 69.Rd7+ Kh6 70.Rd6+ Kh7  1/2-1/2

[Event "Manhattan CC-ch"]
[Site "New York"]
[Date "1999.09.25"]
[Round "3"]
[White "Fedorowicz, John P"]
[Black "Zaremba, Andre"]
[Result "1/2-1/2"]
[WhiteElo "2565"]
[BlackElo "2336"]

1.d4 d5 2.c4 c6 3.Nf3 Nf6 4.Qb3 Qb6 5.Qc2 Nbd7 6.e3 e6 7.Nbd2 c5 8.a3 cxd4
9.exd4 dxc4 10.Nxc4 Qc7 11.Qb3 Be7 12.Bd3 b6 13.Nce5 Bb7 14.Bf4 Bxf3 15.gxf3 Nxe5
16.dxe5 Nd7 17.Rc1 Nc5 18.Bb5+ Kf8 19.Qe3 a6 20.Be2 Qa7 21.O-O g5 22.Bg3 h5
23.h3 b5 24.f4 Na4 25.Qxa7 Rxa7 26.Rc8+ Kg7 27.Rxh8 Kxh8 28.Bxh5 gxf4 29.Bxf4 Nxb2
30.Bxf7 Bxa3 31.Bxe6 Nd3 32.Bg3 Re7 33.Bf5 Nxe5 34.Rd1 Bb2 35.Kg2 Nf7 36.Bc8 Ra7
37.f4 a5 38.Rb1 Bd4 39.Rxb5 a4 40.Rb7  1/2-1/2

[Event "Wch U20"]
[Site "Yerevan"]
[Date "1999.09.30"]
[Round "13"]
[White "Iljushin, Alexei"]
[Black "De Vreugt, Dennis"]
[Result "1/2-1/2"]
[WhiteElo "2527"]
[BlackElo "2398"]

1.d4 d5 2.c4 c6 3.Nf3 Nf6 4.Qc2 dxc4 5.Qxc4 Bf5 6.g3 Nbd7 7.Bg2 e6 8.O-O Be7
9.Nc3 Ne4 10.e3 Nxc3 11.bxc3 Be4 12.Qb3 c5 13.c4 O-O 14.Bb2 Rc8 15.Rac1 cxd4
16.exd4 b6 17.Rfe1 Nf6 18.Ne5 Bxg2 19.Kxg2 Rc7 20.a4 Nd7 21.d5 Nxe5 22.Bxe5 Rd7
23.Rcd1 Qa8 24.Kg1 exd5 25.Rxd5 Qc6 26.Red1 Rb7 27.Qb5 Qc8 28.Kg2 Bc5 29.a5 Re7
30.axb6 axb6 31.Bd6 Bxd6 32.Rxd6 Rc7 33.R1d4 Rc5 34.Qxb6 Rxc4 35.R4d5 Qa8
36.Rd8 Rc8 37.Rd7 h6 38.Rd6 Rfe8 39.h4 Re6 40.Qb4 Rb8 41.Qxb8+  1/2-1/2

[Event "Budapest FS10 IM"]
[Site "Budapest"]
[Date "1999.10.03"]
[Round "2"]
[White "Vadasz, Laszlo"]
[Black "Muehlbach, Peter"]
[Result "1/2-1/2"]
[WhiteElo "2275"]
[BlackElo "2198"]

1.Nf3 d5 2.d4 c6 3.c4 Nf6 4.Qc2 g6 5.e3 Bg7 6.Bd3 O-O 7.O-O b6 8.Nc3 Bb7
9.Rd1 Nbd7 10.e4 dxe4 11.Nxe4 Nxe4 12.Bxe4 Qc7 13.Bg5 Rfe8 14.Bh4 e5 15.dxe5 Nxe5
16.Bg3 f5 17.Nxe5 Bxe5 18.Bxe5 Rxe5  1/2-1/2

[Event "SLO-ch"]
[Site "Kranj"]
[Date "1999.10.07"]
[Round "6"]
[White "Steiner, Darko"]
[Black "Kovac, Boris"]
[Result "1/2-1/2"]
[WhiteElo "2266"]
[BlackElo "2304"]

1.d4 d5 2.Nf3 Nf6 3.c4 c6 4.Qc2 e6 5.e3 Nbd7 6.Bd3 Bd6 7.Nc3 dxc4 8.Bxc4 e5
9.O-O exd4 10.exd4 O-O 11.h3 Nb6 12.Bb3 Nh5 13.Re1  1/2-1/2

[Event "Tatry op"]
[Site "Tatranska Lomnica"]
[Date "1999.10.10"]
[Round "9"]
[White "Jedlicka, Ales"]
[Black "Trojacek, Pavel"]
[Result "1/2-1/2"]
[WhiteElo "2238"]
[BlackElo "2156"]

1.d4 d5 2.c4 c6 3.Nf3 Nf6 4.Qc2 e6 5.Bg5 Be7 6.e3 Nbd7 7.Nbd2 O-O 8.Bd3 c5
9.cxd5 exd5 10.O-O c4 11.Bf5 Re8 12.Ne5 Nxe5 13.dxe5 Bxf5 14.Qxf5 Nd7 15.e6 Nf6
16.Rad1 Qc8 17.exf7+ Kxf7 18.Qc2 h6 19.Bh4 Qe6 20.Nf3 Rad8 21.Nd4 Qe4 22.Bg3 Qxc2
23.Nxc2 Bc5 24.Nd4 Rd7 25.Rfe1 Ne4 26.f3 Nxg3 27.hxg3 b5 28.Kf2 Bxd4 29.Rxd4 Red8
30.Ke2 Ke6 31.Kd2 Kd6 32.Rh1 a5 33.Rh5 Kc5 34.g4 b4 35.g5 hxg5 36.Rxg5 Re8
37.Rdg4 c3+ 38.bxc3 bxc3+ 39.Kd3 c2 40.Kxc2 Rxe3 41.Rxg7 Re2+ 42.Kd3 Rxg7
43.Kxe2 Rb7 44.Kd3 Rb2 45.a4 Ra2 46.Kc3 Ra3+ 47.Kb2 Re3 48.Rg8 Kc4 49.f4 Re2+
50.Kc1 Rf2 51.g3 d4 52.Rg5 d3 53.Rxa5 Rf1+ 54.Kd2 Rf2+ 55.Ke1 Rg2 56.Ra8 d2+
57.Kd1  1/2-1/2

[Event "Tatry op"]
[Site "Tatranska Lomnica"]
[Date "1999.10.10"]
[Round "9"]
[White "Kantorik, Marian"]
[Black "Jakubek, Peter"]
[Result "1-0"]
[WhiteElo "2301"]
[BlackElo "2179"]

1.d4 d5 2.c4 c6 3.Nf3 Nf6 4.Qb3 Qb6 5.c5 Qc7 6.Nc3 Bf5 7.Bf4 Qc8 8.e3 h6
9.h3 Nbd7 10.Qd1 g5 11.Bh2 Bg7 12.Bd3 Bxd3 13.Qxd3 b6 14.cxb6 axb6 15.O-O O-O
16.Rac1 Qa6 17.Qc2 c5 18.Rfd1 e6 19.a3 Rfc8 20.Qb1 c4 21.h4 g4 22.Ne5 Nxe5
23.Bxe5 Qb7 24.Qc2 Ne8 25.e4 dxe4 26.Nxe4 f5 27.Nc3 Bxe5 28.dxe5 Ra5 29.Qd2 Qg7
30.Re1 h5 31.Qe3 Rcc5 32.Ne2 Nc7 33.Nf4 Rxe5 34.Qxb6 Rab5 35.Qd6 Rxe1+ 36.Rxe1 g3
37.fxg3 Rxb2 38.Nxe6 Nxe6 39.Rxe6 c3 40.Rg6  1-0

[Event "BL9900 (Women)"]
[Site "Germany"]
[Date "1999.10.16"]
[Round "1.1"]
[White "Kiseleva, Natalia"]
[Black "Houska, Jovanka"]
[Result "1-0"]
[WhiteElo "2343"]
[BlackElo "2251"]

1.d4 d5 2.c4 c6 3.Nf3 Nf6 4.Qc2 a6 5.Bf4 Bg4 6.Ne5 Bh5 7.Qb3 Qc8 8.Nc3 e6
9.cxd5 Nxd5 10.Bg3 Nxc3 11.bxc3 b5 12.a4 f6 13.Nf3 Bf7 14.e3 Nd7 15.Bd3 Be7
16.O-O O-O 17.Qc2 h6 18.Nd2 Nb6 19.a5 Nd7 20.c4 bxc4 21.Nxc4 Qd8 22.Nd6 c5
23.Nxf7 Rxf7 24.Bg6 cxd4 25.Qc4 Rf8 26.Qxe6+ Kh8 27.exd4 Bb4  1-0

[Event "AUT2W-chT"]
[Site "Kufstein"]
[Date "1999.10.17"]
[Round "3.2"]
[White "Koenig, Dietrich"]
[Black "Jenul, Reinhold"]
[Result "1-0"]
[WhiteElo "2321"]
[BlackElo "2170"]

1.d4 Nf6 2.Nf3 d5 3.c4 c6 4.Qb3 dxc4 5.Qxc4 Be6 6.Qc2 Bg4 7.Nbd2 Nbd7 8.g3 e6
9.Bg2 Be7 10.O-O O-O 11.Nc4 Bf5 12.Qb3 Nb6 13.Na5 Qc8 14.Bg5 Be4 15.Ne5 Bd5
16.Bxd5 exd5 17.e3 Re8 18.Bxf6 Bxf6 19.Nd3 h5 20.Qd1 g6 21.Qf3 Kg7 22.Rac1 Re7
23.Nb3 Nc4 24.Rc2 Nd6 25.Nd2 Ne4 26.Nf4 Nxd2 27.Rxd2 Qf5 28.Kg2 Rh8 29.h4 Qe4
30.b4 Qxf3+ 31.Kxf3 a5 32.a3 axb4 33.axb4 Rd7 34.b5 Ra8 35.Rc1 cxb5 36.Rb1 Ra5
37.Rdb2 Ra3 38.Kg2 Ra5 39.Rxb5 Rxb5 40.Rxb5 Bd8 41.Nxd5 Kf8 42.Kf3 f6 43.Ke4 Kf7
44.Kd3 Ke6 45.e4 Kf7 46.f4 Ke6 47.Ne3 b6 48.d5+ Kf7 49.e5 Ra7 50.Nc4 Kg7
51.e6 Re7 52.Kd4 f5 53.Ne5 Ra7 54.d6 Bf6 55.Kd5 Bxe5 56.Kxe5 Ra1 57.d7 Re1+
58.Kd6  1-0

[Event "Wichern op 5th"]
[Site "Hamburg"]
[Date "1999.10.21"]
[Round "8"]
[White "Kopylov, Mihail"]
[Black "Wagner, Ralf"]
[Result "1-0"]
[WhiteElo "2426"]
[BlackElo "2086"]

1.d4 d5 2.Nf3 Nf6 3.c4 c6 4.Qc2 Bg4 5.Ne5 Bh5 6.cxd5 Nxd5 7.a3 e6 8.e4 Nb6
9.Be3 N8d7 10.Nd3 Be7 11.Nf4 Bg6 12.h4 Nf6 13.Bd3 Nh5 14.Ne2 Nf6 15.Nbc3 Qd7
16.a4 Bb4 17.a5 Nc8 18.Nf4 Nh5 19.Nxg6 hxg6 20.e5 Ne7 21.g4 Nf4 22.Bxf4 Qxd4
23.Be3 Qxe5 24.a6 Nd5 25.axb7 Rb8 26.Ke2 Bxc3 27.bxc3 Rxb7 28.Be4 Nxc3+ 29.Kf3 O-O
30.Bf4 Qd4 31.Be3 Qe5 32.Rhc1 Rb4 33.Bxc6 Rc4 34.Ra3 Qf6+ 35.Kg3 Ne4+ 36.Qxe4 Rxe4
37.Bxe4 Qb2 38.Rxa7 Qb8+ 39.Kg2 Qe5 40.Bf3 f5 41.Rc5 Qb2 42.Rcc7  1-0

[Event "Itau Mercosul Cup 3rd"]
[Site "Sao Paulo"]
[Date "1999.10.22"]
[Round "9"]
[White "Segal, Alexandru Sorin"]
[Black "Pelikian, Jefferson"]
[Result "1/2-1/2"]
[WhiteElo "2330"]
[BlackElo "2395"]

1.d4 d5 2.Nf3 c6 3.Nbd2 Nf6 4.c4 Bf5 5.Qb3 Qb6 6.e3 e6 7.Be2 Nbd7 8.O-O h6
9.Ne1 Be7 10.Bd3 Bxd3 11.Nxd3 O-O 12.Nf3 Qa6 13.cxd5 cxd5 14.Bd2 Rfc8 15.Rfc1 Ne4
16.Be1 Bd6 17.Nd2 Nxd2 18.Bxd2 Rc4 19.Qd1 Rac8 20.a3 Qb5 21.b3 R4c6 22.Rxc6 Rxc6
23.Bb4 Bxb4 24.Nxb4 Rc7 25.Rb1 a5 26.Qd3 Qxd3 27.Nxd3 Rc3 28.Ne1 b5 29.Kf1 a4
30.Ke2 Nb6 31.bxa4 Nxa4  1/2-1/2

[Event "Wch U16"]
[Site "Oropesa del Mar"]
[Date "1999.10.25"]
[Round "2"]
[White "Jirka, Jiri"]
[Black "Jobava, Baadur"]
[Result "1-0"]
[WhiteElo "2161"]
[BlackElo "2330"]

1.d4 Nf6 2.g3 d5 3.Nf3 c6 4.c4 Bf5 5.Nc3 e6 6.Qb3 Qb6 7.c5 Qxb3 8.axb3 Na6
9.Bf4 Be7 10.e4 Nb4 11.exf5 Nc2+ 12.Kd2 Nxa1 13.Bh3 Nxb3+ 14.Kc2 Ne4 15.Rf1 exf5
16.Kxb3 g6 17.Ne5 h6 18.Nxe4 dxe4 19.Nc4 Bg5 20.Bd6 h5 21.f3 h4 22.g4 fxg4
23.fxg4 f6 24.Re1 Kd7 25.Bg2 Rad8  1-0

[Event "Wch U18"]
[Site "Oropesa del Mar"]
[Date "1999.10.27"]
[Round "4"]
[White "Postny, E."]
[Black "Kanep, Meelis"]
[Result "1/2-1/2"]
[WhiteElo "2400"]
[BlackElo "2191"]

1.d4 d5 2.Nf3 Nf6 3.c4 c6 4.Qc2 e6 5.Bg5 Nbd7 6.Nc3 h6 7.Bh4 dxc4 8.a4 Bb4
9.Nd2 e5 10.dxe5 Nxe5 11.Rd1 Qe7 12.Nde4 Ng6 13.Bxf6 gxf6 14.Ng3 Qe5 15.e3 Be6
16.Rd4 f5 17.Bxc4 Bc5 18.Bxe6 Bxd4 19.Bxf5 Bxc3+ 20.bxc3 Ne7 21.Bh3 h5 22.O-O h4
23.Ne4 f5 24.Ng5 Rh5 25.Qe2 Rh6 26.Qc4 Nd5 27.Qb3 b6 28.c4 Ne7 29.f4 Qc5
30.Qc3 O-O-O 31.Nf7 Re6 32.Ne5 Nd5 33.Qd4 Qxd4 34.exd4 Ne7 35.Rd1 Kb7 36.Kf2 Rf6  1/2-1/2

[Event "Wch U16"]
[Site "Oropesa del Mar"]
[Date "1999.11.05"]
[Round "11"]
[White "Raceanu, Valentin"]
[Black "Jirka, Jiri"]
[Result "0-1"]
[WhiteElo "2293"]
[BlackElo "2161"]

1.d4 d5 2.c4 c6 3.Nf3 Nf6 4.Qc2 g6 5.Bf4 Bf5 6.Qb3 Qb6 7.c5 Qxb3 8.axb3 Nbd7
9.Nc3 a6 10.h3 Bg7 11.e3 O-O 12.Be2 Be4 13.O-O Bxf3 14.Bxf3 Rfe8 15.Ra4 e5
16.Bg3 exd4 17.exd4 Nf8 18.Rb4 Re7 19.Be5 h5 20.Ne2 Rxe5 21.dxe5 N6d7 22.Rc1 Nxe5
23.Rc2  0-1

[Event "Chigorin mem"]
[Site "St Petersburg"]
[Date "1999.11.05"]
[Round "4"]
[White "Iljushin, Alexei"]
[Black "Skatchkov, Pavel"]
[Result "1/2-1/2"]
[WhiteElo "2527"]
[BlackElo "2416"]

1.d4 d5 2.c4 c6 3.Nf3 Nf6 4.Qc2 dxc4 5.Qxc4 Bf5 6.g3 e6 7.Bg2 Nbd7 8.O-O Be7
9.Nc3 O-O 10.e3 b5 11.Qe2 b4 12.Nb1 c5 13.Nbd2 Rc8 14.b3 Nd5 15.Bb2 Nc3 16.Bxc3 bxc3
17.Nc4 Nb6 18.Rac1 Nxc4  1/2-1/2

[Event "Chigorin mem"]
[Site "St Petersburg"]
[Date "1999.11.07"]
[Round "6"]
[White "Rashkovsky, Nukhim N"]
[Black "Riazantsev, Alexander"]
[Result "1/2-1/2"]
[WhiteElo "2513"]
[BlackElo "2417"]

1.d4 d5 2.Nf3 Nf6 3.c4 c6 4.Qb3 dxc4 5.Qxc4 Bf5 6.g3 e6 7.Bg2 Nbd7 8.O-O Be7
9.Nc3 O-O 10.a4 c5 11.a5 Rc8 12.d5 exd5 13.Nxd5 Be6 14.e4 Bxd5 15.exd5 Bd6
16.Re1 Qc7 17.Bd2 Rfe8 18.Bc3 Rxe1+ 19.Rxe1 Re8 20.Rxe8+ Nxe8 21.Qe2 Nef6
22.Nd2 Qd8 23.Nc4 Ne8 24.Bh3 Ndf6 25.Bg2 Kf8 26.f4 Be7 27.Qd3 Nd6 28.Ne5 Qc7
29.b3 Kg8 30.g4 Nfe8 31.g5 f6 32.gxf6 gxf6 33.Bh3 fxe5 34.Be6+ Kh8 35.fxe5 Ng7
36.exd6 Bxd6 37.h3 Be5 38.Qf3 Bf4 39.Qh5 Be3+ 40.Kg2 Bd4 41.Bxd4 cxd4 42.Qf3 Nxe6
43.dxe6 Qc2+ 44.Kf1 Qc1+ 45.Kf2 Qc2+ 46.Qe2 Qxe2+ 47.Kxe2 Kg7 48.Kd3 Kf6
49.Kxd4 Kxe6 50.Kc5 Ke5 51.b4 h5 52.h4 Ke6 53.b5 Ke5 54.a6 b6+ 55.Kc6 Ke6
56.Kc7 Ke7 57.Kb8 Kd8 58.Kxa7 Kc7 59.Ka8 Kc8 60.a7 Kc7  1/2-1/2

[Event "ch-ESP (team) Div 2"]
[Site "Cala Galdana ESP"]
[Date "1999.11.09"]
[Round "2"]
[White "Pinero Fernandez,X"]
[Black "Glavina,P"]
[Result "1/2-1/2"]
[WhiteElo "2162"]
[BlackElo "2429"]

1.Nf3 d5 2.d4 Nf6 3.c4 c6 4.Nbd2 Bf5 5.Qb3 Qc7 6.e3 e6 7.Nh4 Bg4 8.h3 Bh5
9.g4 Bg6 10.Bg2 Be7 11.Nxg6 hxg6 12.f4 Nbd7 13.O-O O-O-O 14.Qa4 Nb6 15.Qxa7 dxc4
16.b3 Kd7 17.Qa5 Ra8 18.Qe5 Bd6 19.Qg5 cxb3 20.Nxb3 Rh6 21.Nc5+ Ke8 22.Nxb7 Qxb7
23.Qb5 Nfd5 24.Qb3 Ra4 25.e4 Nc7 26.f5 Rh8 27.e5 Be7 28.fxg6 fxg6 29.Qc2 Kd7
30.Rf7 Nbd5 31.Qxa4 Ra8 32.Qc4 Qb6 33.Bg5 Ke8 34.Rxe7+ Nxe7 35.Bxe7 Kxe7
36.Bxc6 Ra3 37.Bg2 Qa5 38.Rc1 Kd8 39.Qc5 Qxc5 40.dxc5 Rxa2 41.Rd1+ Kc8 42.Rf1 Nd5
43.Bxd5 exd5 44.Rf7 d4 45.Kf1 d3 46.Ke1 Re2+ 47.Kd1 Rxe5 48.Kd2 Rxc5 49.Rxg7 g5
50.Kxd3 Kd8 51.Rf7 Ra5 52.Ke4 Ke8 53.Rf5 Ra3 54.Rf3 Rxf3 55.Kxf3 Kf7 56.Ke3 Ke7  1/2-1/2

[Event "SLO-chT"]
[Site "Bled"]
[Date "1999.11.12"]
[Round "5"]
[White "Mikac, Matjaz"]
[Black "Jeric, Simon"]
[Result "1/2-1/2"]
[WhiteElo "2422"]
[BlackElo "2340"]

1.Nf3 Nf6 2.c4 c6 3.d4 d5 4.Qc2 Nbd7 5.cxd5 cxd5 6.Bf4 e6 7.Nbd2 Bb4 8.e3 Ne4
9.Bd3 f5 10.O-O O-O 11.a3 Bd6 12.Bxd6 Nxd6 13.Rac1 Nf6 14.Ne5 Bd7 15.Qc5 Qe7
16.Qa5 Rfc8 17.Rxc8+ Bxc8 18.Rc1 Bd7 19.Ndf3 b6 20.Qa6 Rc8  1/2-1/2